International Directory of Company Histories

Uložené v:
Podrobná bibliografia
Médium: Kniha
Jazyk:English
Vydavateľské údaje: New York St. James Press 1996
Vydanie:1. ed.
Predmet:
Tagy: Pridať tag
Žiadne tagy, Buďte prvý, kto otaguje tento záznam!

MARC

LEADER 00000nam a2200000 4500
001 c014351
005 20240325095353.5
020 |a 1-55862-327-2 
041 0 |a eng 
044 |a US 
245 1 0 |a International Directory of Company Histories 
250 |a 1. ed. 
264 1 |a New York  |b St. James Press  |c 1996 
300 |a 771 s. 
610 2 0 |a firmy 
610 2 0 |a spoločnosti obchodné